000 00525nam a22001817a 4500
003 OSt
005 20260310035754.0
008 260310b |||||||| |||| 00| 0 eng d
020 _a9788179928912
040 _aDWCL-Main Lib
_cOC
082 _aProf. 153.2 F791 2008
100 _aArnold, Fox / Fox, Barry
245 _aPositive thoughts positive action /
260 _aMumbai :
_bJaico Publishing House,
_cc 2008.
300 _avii, 203 pages ;
_c22 cm.
650 _aThought (Psychology).
942 _2ddc
_cPROF.
_mProf.
_n0
999 _c8851
_d8851